000 00698nam a22002177a 4500
005 20081020154342.0
008 081020t xxu||||| |||| 00| 0 eng d
010 _aENG-84158
020 _a8126022825
020 _c25.00 (pbk)
035 _aEN-67691
082 _a880.92
100 _aSen, Arun
245 _aBishnu Dey /
_cby Arun Sen
260 _aNew Delhi
_bSahitya Akademi
260 _c2006
300 _a122p
_c22cm
500 _aIncludes bibliographical references and index
942 _2ddc
_cEN
_h880.92
_mSEN
999 _c17121
_d17121